000 00662nam a2200193Ia 4500
003 GCL
008 140319s9999 xx 000 0 ara d
040 _aGCL /
_cGCL
082 0 4 _a323.4
_bع ا
100 1 _aعلاء قاعود
245 1 0 _aالاصيل والمكتسب :
_bالحقوق الاجتماعية والاقتصادية والثقافية /
_cعلاء قاعود
260 _aالقاهرة :
_bمركز القاهرة لدراسات حقوق الانسان ،
_c2002
300 _a254 ص ؛
_c30 سم
490 _a
650 0 4 _aحقوق الانسان
650 0 4 _aحق الاجتماع
650 0 4 _aحق العمل
942 _2ddc
_cBK
999 _c53375
_d53375